[Event "DVM U10 2014"]
[Site "Magdeburg GER"]
[Date "2014.12.29"]
[Round "7"]
[White "Kraus, Jakob"]
[Black "Freitag, Gerrit"]
[Result "1-0"]
[Termination "normal"]
[Board "26.3"]
[WhiteElo "600"]
[BlackElo "600"]
[WhiteTeam "SK Neumarkt"]
[BlackTeam "Hamburger SK 3"]
[PlyCount "87"]
[BlackFideId "34650148"]
[EventCountry "GER"]
[EventRounds "7"]
[EventType "team-swiss"]
[EventDate "2014.12.27"]

1. e4 e5 2. Bc4 Nf6 3. Nf3 Nc6 4. Nc3 Nxe4 5. Nxe4 d5 6. Neg5 dxc4 7. O-O Bg4
8. h3 Bh5 9. g4 Bg6 10. d4 cxd3 11. cxd3 Bxd3 12. Re1 Bc5 13. Nxe5 Nxe5 14.
Rxe5+ Be7 15. Qb3 Bg6 16. Qd5 Qxd5 17. Rxd5 O-O 18. Bf4 Be4 19. Nxe4 c6 20. Rd7
Rfe8 21. Bd6 Bxd6 22. Nxd6 h6 23. Nxe8 Rxe8 24. Rxb7 a5 25. Ra7 Re2 26. Rd1 Kh7
27. Rxa5 Rxb2 28. Ra6 c5 29. Ra5 Rc2 30. Ra7 f6 31. a4 c4 32. Rc7 Rc3 33. a5
Rxh3 34. a6 Rh4 35. Rxc4 f5 36. a7 fxg4 37. a8=Q h5 38. Qe4+ g6 39. Rc8 Rh3 40.
Qe8 Kh6 41. Rd5 g5 42. Qe6+ Kg7 43. Rc7+ Kf8 44. Qc8# 1-0

[Event "DVM U10 2014"]
[Site "Magdeburg GER"]
[Date "2014.12.29"]
[Round "7"]
[White "Fuhrmann, Bahne"]
[Black "Franke, Maria"]
[Result "1-0"]
[Termination "normal"]
[Board "26.4"]
[WhiteElo "600"]
[BlackElo "600"]
[WhiteTeam "Hamburger SK 3"]
[BlackTeam "SK Neumarkt"]
[PlyCount "89"]
[WhiteFideId "16244842"]
[EventCountry "GER"]
[EventRounds "7"]
[EventType "team-swiss"]
[EventDate "2014.12.27"]

1. e4 d5 2. exd5 Qxd5 3. Nc3 Qe5+ 4. Be2 Nf6 5. d4 Qd6 6. Nf3 Nc6 7. Nb5 Qd8 8.
Bf4 Nd5 9. c4 Nxf4 10. Qd2 Nxg2+ 11. Kf1 Bh3 12. Kg1 e6 13. Qg5 Be7 14. Qg3 Nf4
15. Qxf4 Rc8 16. Nxa7 Ra8 17. Nb5 Bd6 18. Nxd6+ cxd6 19. Ng5 Rf8 20. Nxh3 Qb6
21. Qxd6 Qxb2 22. Kg2 Qxe2 23. Rhe1 Qg4+ 24. Qg3 Qxd4 25. Rac1 Rxa2 26. Qf3 Ne5
27. Qf4 Qb2 28. Rxe5 b5 29. cxb5 Qa3 30. Rc8+ Ke7 31. Rxf8 Kxf8 32. Ng5 Qa8+
33. Kh3 Ra3+ 34. f3 Qa7 35. b6 Qe7 36. Rb5 f6 37. b7 Qe8 38. b8=Q Ra8 39. Nxh7+
Kg8 40. Qxe8+ Rxe8 41. Nxf6+ Kf8 42. Nxe8+ Kxe8 43. Qc7 Kf8 44. Rb7 Kg8 45.
Qxg7# 1-0

[Event "DVM U10 2014"]
[Site "Magdeburg GER"]
[Date "2014.12.29"]
[Round "7"]
[White "Junghans, Richard"]
[Black "Currenti, Gianluca"]
[Result "1-0"]
[Termination "normal"]
[Board "27.1"]
[WhiteElo "1024"]
[BlackElo "849"]
[WhiteTeam "BSG Grün-Weiß Leipzig 3"]
[BlackTeam "Schachzwerge Magdeburg 3"]
[PlyCount "55"]
[WhiteFideId "16214544"]
[EventCountry "GER"]
[EventRounds "7"]
[EventType "team-swiss"]
[EventDate "2014.12.27"]

1. e4 e5 2. Nf3 Nc6 3. d4 Bb4+ 4. c3 Be7 5. Be3 Nf6 6. Nbd2 O-O 7. Bd3 h6 8. d5
Na5 9. b4 Nc6 10. dxc6 dxc6 11. Qc2 Ng4 12. h3 Nxe3 13. fxe3 Bf6 14. Bc4 b5 15.
Bd3 Be6 16. c4 bxc4 17. Bxc4 Bxc4 18. Nxc4 Be7 19. a3 c5 20. Rd1 Qe8 21. Qb3
cxb4 22. Nfxe5 Bh4+ 23. Ke2 f6 24. Nd6+ Qf7 25. Nexf7 Rxf7 26. Qxf7+ Kh7 27.
Nf5 Bg5 28. Qxg7# 1-0

[Event "DVM U10 2014"]
[Site "Magdeburg GER"]
[Date "2014.12.29"]
[Round "7"]
[White "Watts, Marius"]
[Black "Henneberg, Gregor"]
[Result "1-0"]
[Termination "normal"]
[Board "27.3"]
[WhiteElo "743"]
[BlackElo "600"]
[WhiteTeam "BSG Grün-Weiß Leipzig 3"]
[BlackTeam "Schachzwerge Magdeburg 3"]
[PlyCount "67"]
[WhiteFideId "12989363"]
[EventCountry "GER"]
[EventRounds "7"]
[EventType "team-swiss"]
[EventDate "2014.12.27"]

1. e4 e5 2. Nc3 Nc6 3. Nf3 Bc5 4. Bc4 Nf6 5. d3 O-O 6. Be3 Bxe3 7. fxe3 d6 8.
Qd2 a6 9. O-O-O b5 10. Bd5 b4 11. Ne2 a5 12. Rdg1 a4 13. Bxc6 Ra6 14. Bb5 Ra5
15. Qxb4 Ra8 16. Bxa4 Bd7 17. Bb3 Rb8 18. Qe1 Bc6 19. g4 d5 20. exd5 Bxd5 21.
Bxd5 Nxd5 22. h4 Nxe3 23. Qf2 Nd5 24. g5 Nb4 25. Kb1 Ra8 26. Nc3 Nxd3 27. cxd3
Qxd3+ 28. Ka1 c5 29. Nxe5 Qd6 30. Nf3 c4 31. h5 g6 32. Qh4 Rae8 33. hxg6 hxg6
34. Qh7# 1-0

[Event "DVM U10 2014"]
[Site "Magdeburg GER"]
[Date "2014.12.29"]
[Round "7"]
[White "Röder, Fynn"]
[Black "Willberg, Marek"]
[Result "0-1"]
[Termination "normal"]
[Board "27.4"]
[WhiteElo "600"]
[BlackElo "759"]
[WhiteTeam "Schachzwerge Magdeburg 3"]
[BlackTeam "BSG Grün-Weiß Leipzig 3"]
[PlyCount "44"]
[BlackFideId "16224027"]
[EventCountry "GER"]
[EventRounds "7"]
[EventType "team-swiss"]
[EventDate "2014.12.27"]

1. d4 d5 2. h4 Nc6 3. h5 Nf6 4. e4 Nxe4 5. f3 Nf6 6. Bb5 Bd7 7. g4 e6 8. a3 Bd6
9. Qd2 Bg3+ 10. Kd1 Nxd4 11. Bxd7+ Qxd7 12. Qg2 Bd6 13. Bg5 Be7 14. Ne2 Nxe2
15. Qxe2 h6 16. Bd2 O-O-O 17. Nc3 d4 18. Ne4 Nxe4 19. fxe4 g5 20. hxg6 fxg6 21.
Ba5 b6 22. Bd2 b5 {nicht mehr nachvollziehbar [O-O]} 0-1